000
00271nam a22001097a 4500
008
170125b xxu||||| |||| 00| 0 eng d
020
_a
9780387984513
041
_a
eng
080
_2
2ND
_a
618.2
245
_a
INTRODUCTION TO NUSING INFORMATICS
_c
HANNAH, K.J
942
_2
udc
_c
BK
999
_c
3621
_d
3621